| 000 | 01243nam a22002537a 4500 | ||
|---|---|---|---|
| 005 | 20210325191428.0 | ||
| 008 | s2537 th tha d | ||
| 020 | _a9745839809 | ||
| 041 | _atha | ||
| 090 | _aว DS578.32 บ422จ 2537 | ||
| 100 | 0 | _aจำรัส ลาภเจริญสุข | |
| 245 | 1 | 0 | _aบทบาททางการเมืองของศาสตราจารย์บุญชนะ อัตถากร |
| 246 | _aPolitical role of professor Bunchana ATT | ||
| 260 | 3 |
_aกรุงเทพฯ : _bจุฬาลงกรณ์มหาวิทยาลัย, _c2537 |
|
| 300 |
_a372 หน้า : _b ภาพประกอบ ; _c 22 ซม. |
||
| 650 | 0 | 4 | _aบุญชนะ อัตถากร -- ผลงาน |
| 650 | 0 | 4 | _aบุญชนะ อัตถากร, 2453-- |
| 650 | 0 | 4 | _aสมัยรัตนโกสินทร์ -- การเมืองและการปกครอง |
| 650 | 0 | 4 | _aไทย -- การเมืองและการปกครอง -- กรุงรัตนโกสินทร์, 2475 -- 2499 |
| 850 | _aNALT | ||
| 942 | _cRSH | ||
| 997 |
_c000000000028405 _kVC |
||
| 998 | _aJETANANARD SUWANDEE | ||
| 999 |
_c28405 _d28405 |
||